Poker Face - Lady Gaga (All Lyrics) - Statistics

General Stats
  • This quiz has been taken 2,004 times
  • The average score is 211 of 295
Answer Stats
Lyrics % Correct
P-
99%
p-
99%
face.
96%
poker
96%
I
95%
a
89%
A
89%
my,
89%
my.
89%
my
89%
No,
89%
the
86%
Can't
85%
can't
85%
when
85%
he
84%
read
83%
like
80%
in
78%
Love
78%
love,
78%
love
78%
love-
78%
me,
78%
me.
78%
do
77%
with
77%
you
77%
you,
77%
you.
77%
it,
75%
it
75%
they
73%
wanna
73%
And
72%
is
72%
got.
70%
hold
70%
Oh,
70%
not
68%
Texas,
68%
baby,
67%
him
66%
him,
66%
gun.
65%
what
65%
'em
64%
'em,
64%
be.
63%
Show
62%
without
60%
same
59%
your
59%
Russian
58%
fun
57%
fun.
57%
get
57%
it's
57%
on
57%
I'll
56%
please.
56%
roulette
56%
that
56%
play
55%
to
54%
hit
53%
let
53%
heart.
50%
I'm
50%
isn't
50%
stay
50%
you're
50%
his
49%
hot.
49%
if
48%
Fold
47%
game
46%
we
46%
he's
45%
one
45%
rough,
45%
after
44%
cards
44%
will
44%
been
42%
that's
42%
intuition,
41%
just
41%
Just
41%
little
41%
'Cause
39%
'cause
39%
hooked,
39%
muffin.
37%
roll
37%
start.
37%
raise
36%
tell
36%
bluffin'
35%
casino.
35%
promise
35%
this,
35%
this.
35%
this
35%
gamblin'
34%
hard
34%
chick
33%
lyin',
32%
won't
32%
hug
31%
kiss
31%
spades
31%
Take
30%
out.
28%
or
27%
pay
26%
before
24%
glue-
24%
pair
24%
gunnin'.
23%
hand,
21%
stunnin'
21%
Check
18%
marvelous.
18%
bank
15%
No matching quizzes found
Score Distribution
Percent of People with Each Score
Percentile by Number Answered
Your Score History
You have not taken this quiz